000 00672nam a2200217 i 4500
001 134238
003 ES-MaACL
005 20260213164415.0
007 t|
008 070907s1947 sp ||||1| spa d
100 1 _aWassermann, Jakob,
_d1873-1934
_9116154
245 1 3 _aEl caso Maurizius /
_cJakob Wassermann ; [traducción del alemán por Manuel Scholz].
250 _a[1ª ed.].
260 _aBarcelona :
_bJosé Janés,
_c1947.
300 _a356 p. ;
_c20 cm.
490 1 _aLos escritores de ahora
700 1 _aScholz, Manuel.
_9104641
830 0 _aLos escritores de ahora
_9182057
852 _aES-MaACL
_jF-5240
_bR.27137
999 _c134238
_d134238